[Event "Eliminacje Strefowe do Mistrzostw Polski Juniorow i Mlodzikow (ZP+WP) C-13"]
[Site "Lazy, Centrum Fala 1"]
[Date "1899-12-30"]
[Round "1.1"]
[White "Katny, Samuel"]
[Black "Kuczynski, Michal"]
[Result "1-0"]
[WhiteTitle "II"]
[BlackTitle "II"]
[WhiteElo "1387"]
[BlackElo "1279"]

1. e4 c6 2. Nf3 d5 3. exd5 cxd5 4. d4 Bf5 5. Nc3 e6 6. Bb5+ Nc6 7. Ne5 Qb6 8. Qe2
Be7 9. Na4 Qc7 10. Bf4 Qa5+ 11. c3 Rc8 12. b4 Bxb4 13. cxb4 Qxb4+ 14. Bd2 Qxd4
15. Bc3 Qh4 16. Nb2 Nf6 17. Nxc6 bxc6 18. Ba6 Rb8 19. Be5 Rb6 20. Bd3 Bxd3 21.
Nxd3 Qg5 22. O-O O-O 23. Nc5 Rb5 24. Bxf6 gxf6 25. Nb3 a6 26. Rac1 Rc8 27. Nd4
Rb6 28. Nxe6 Qf5 29. Nc5 a5 30. Qd3 Qxd3 31. Nxd3 Kf8 32. f3 Ke7 33. Rc5 Ra6 34.
Rfc1 Kd6 35. R5c2 Rb6 36. Nf4 c5 37. Nh5 Ke5 38. Kf2 c4 39. Ke1 Re6 40. Kd2 Kd4
41. Nf4 Re7 42. Rd1 Kc5 43. Rdc1 Rce8 44. Rc3 Re5 45. Ra3 Kb4 46. Rac3 Rf5 47.
Ne2 Kc5 48. f4 Rh5 49. h3 f5 50. Ng3 Rh4 51. Rf3 Rh6 52. Nxf5 Rg6 53. g3 d4 54.
g4 Rb6 55. Rc2 Rb1 56. Rxc4+ Kd5 57. Rxd4+ Kc5 58. Rc3+ Kb5 59. Nd6+ 1-0

[Event "Eliminacje Strefowe do Mistrzostw Polski Juniorow i Mlodzikow (ZP+WP) C-13"]
[Site "Lazy, Centrum Fala 1"]
[Date "1899-12-30"]
[Round "1.2"]
[White "Cholewa, Jan"]
[Black "Kolendo, Kajetan"]
[Result "1-0"]
[WhiteTitle "II"]
[BlackTitle "II"]
[WhiteElo "1243"]
[BlackElo "1360"]

1. e4 e6 2. d4 d5 3. e5 c5 4. c3 Nc6 5. Nf3 Qb6 6. a3 Bd7 7. b4 cxd4 8. cxd4 Rc8
9. Bb2 Na5 10. Nbd2 Nc4 11. Bxc4 dxc4 12. Bc3 Ne7 13. Ne4 Nd5 14. O-O Be7 15.
Qc2 h6 16. Nc5 Bxc5 17. dxc5 Qd8 18. Nd2 b5 19. Ne4 O-O 20. Nd6 Rb8 21. f4 Ne3
22. Qe2 Nxf1 23. Rxf1 Qc7 24. Rf3 Kh7 25. Rg3 Be8 26. Qg4 Rg8 27. f5 exf5 28.
Qxf5+ g6 29. Qf4 g5 30. Qf5+ Rg6 31. Rf3 Kg8 32. Ne4 Qc8 33. Nf6+ Kg7 34. e6 Qxe6
35. Qxe6 fxe6 36. Nxe8+ Kg8 37. Nf6+ Rxf6 38. Bxf6 Re8 39. Be5 Rd8 40. Bd6 Re8
41. c6 e5 42. c7 Rc8 43. Rf8+ Kh7 44. Rxc8 c3 45. Bxe5 c2 46. Rh8+ Kg6 47. c8=Q
c1=Q+ 48. Qxc1 1-0

[Event "Eliminacje Strefowe do Mistrzostw Polski Juniorow i Mlodzikow (ZP+WP) C-13"]
[Site "Lazy, Centrum Fala 1"]
[Date "1899-12-30"]
[Round "1.3"]
[White "Lesien, Tymoteusz"]
[Black "Wittych, Maciej"]
[Result "1/2-1/2"]
[WhiteTitle "II"]
[BlackTitle "II"]
[WhiteElo "1356"]
[BlackElo "1241"]

1. d4 d5 2. c4 e6 3. Nc3 Nf6 4. Bg5 Be7 5. Nf3 dxc4 6. e3 c5 7. Bxc4 O-O 8. O-O
b6 9. Qc2 Bb7 10. Be2 Nbd7 11. Rfd1 Nd5 12. Bxe7 Qxe7 13. Nxd5 Bxd5 14. Rac1 cxd4
15. Rxd4 Rac8 16. Qd2 Nc5 17. Qb4 Bxf3 18. gxf3 Rfd8 19. Kh1 Rc7 20. Rcd1 Rcd7
21. Bb5 Rd6 22. Qa3 a5 23. Rg1 Rxd4 24. exd4 Rxd4 25. Qc3 Qf6 26. a3 Rf4 27. Qxf6
Rxf6 28. Rd1 Kf8 29. b4 Rxf3 30. bxc5 bxc5 31. Kg2 Rxa3 32. Rc1 Ke7 33. Rxc5 f5
34. Be2 Kf6 35. Rc8 Ra1 36. Bc4 Re1 37. Rc6 Re5 38. Kf3 Re4 39. Bb3 Re5 40. Kg3
h6 41. h4 g6 42. Kh3 Re2 43. Kg3 Re5 44. Ba2 g5 45. h5 Ke7 46. Rc7+ Kf6 47. Rh7
g4 48. Rxh6+ Kg5 49. Rh8 f4+ 50. Kg2 Kh4 51. Bc4 Rxh5 52. Rxh5+ Kxh5 53. Bxe6
a4 54. Bf7+ Kg5 55. Bg8 a3 56. Bf7 Kf6 57. Bg8 Ke5 58. Bf7 Kd4 59. Be6 Kc3 60.
Kf1 Kb2 61. Ke2 a2 62. Bxa2 Kxa2 63. Kd3 g3 64. fxg3 fxg3 65. Ke3 1/2-1/2

[Event "Eliminacje Strefowe do Mistrzostw Polski Juniorow i Mlodzikow (ZP+WP) C-13"]
[Site "Lazy, Centrum Fala 1"]
[Date "1899-12-30"]
[Round "1.4"]
[White "Drzewiecki, Milosz"]
[Black "Rosenfeld, Noe"]
[Result "0-1"]
[WhiteTitle "II"]
[BlackTitle "II"]
[WhiteElo "1210"]
[BlackElo "1338"]

1. e4 c5 2. Nf3 d6 3. d4 cxd4 4. Nxd4 Nf6 5. Nc3 a6 6. Bd3 e5 7. Nf3 Be6 8. O-O
h6 9. Be3 Be7 10. Qe2 b5 11. Rfd1 Qc7 12. Rac1 Nbd7 13. a3 O-O 14. Nb1 Rac8 15.
Nbd2 Bc4 16. b3 Bxd3 17. cxd3 Qa5 18. d4 Rxc1 19. Rxc1 Qxa3 20. Rd1 Qb4 21. Qd3
Rc8 22. dxe5 dxe5 23. Nh4 Rc3 24. Qf1 Ng4 25. Nf5 Nxe3 26. Nxe7+ Kf8 27. Ng6+
fxg6 28. fxe3+ Ke7 29. Qf3 Qc5 30. Qg4 Rd3 31. Qh4+ Nf6 32. Qe1 Nxe4 33. Qh4+
Nf6 0-1

[Event "Eliminacje Strefowe do Mistrzostw Polski Juniorow i Mlodzikow (ZP+WP) C-13"]
[Site "Lazy, Centrum Fala 1"]
[Date "1899-12-30"]
[Round "1.5"]
[White "Zeissel, Andrzej"]
[Black "Malaczek, Franciszek"]
[Result "1-0"]
[WhiteTitle "II"]
[BlackTitle "II"]
[WhiteElo "1327"]
[BlackElo "1188"]

1. e4 c5 2. Nf3 d6 3. d4 cxd4 4. Nxd4 Nf6 5. Nc3 a6 6. Be2 g6 7. Be3 Bg7 8. f3
Nc6 9. Qd2 Rb8 10. O-O-O Bd7 11. g4 O-O 12. h4 b5 13. h5 b4 14. Nd5 Qa5 15. Bc4
e6 16. Nxc6 Qa4 17. Nde7+ Kh8 18. Nxb8 Rxb8 19. Bb3 Qb5 20. hxg6 Re8 21. Qxd6
Nxe4 22. Rxh7# 1-0

[Event "Eliminacje Strefowe do Mistrzostw Polski Juniorow i Mlodzikow (ZP+WP) C-13"]
[Site "Lazy, Centrum Fala 1"]
[Date "1899-12-30"]
[Round "1.6"]
[White "Walkowski, Tobiasz"]
[Black "Bury, Milosz"]
[Result "0-1"]
[WhiteTitle "II"]
[BlackTitle "II"]
[WhiteElo "1184"]
[BlackElo "1326"]

1. e4 c5 2. Nf3 e6 3. d4 cxd4 4. Nxd4 Nf6 5. Nc3 Nc6 6. Be3 Bb4 7. f3 Qa5 8. Ndb5
d5 9. e5 Nxe5 10. Qd4 Nc6 11. Qd3 a6 12. Nd4 e5 13. Nb3 Bxc3+ 14. bxc3 Qc7 15.
Bg5 Be6 16. Nc5 Nd8 17. Nxe6 Nxe6 18. Be2 Nxg5 19. O-O Ne6 20. Rfe1 O-O 21. c4
dxc4 22. Qxc4 Qxc4 23. Bxc4 0-1

[Event "Eliminacje Strefowe do Mistrzostw Polski Juniorow i Mlodzikow (ZP+WP) C-13"]
[Site "Lazy, Centrum Fala 1"]
[Date "1899-12-30"]
[Round "1.7"]
[White "Melerowicz, Dominik"]
[Black "Olszewski, Dawid"]
[Result "0-1"]
[WhiteTitle "II"]
[BlackTitle "II"]
[WhiteElo "1324"]
[BlackElo "1166"]

1. e4 a6 2. d4 b5 3. c4 bxc4 4. Bxc4 e6 5. Nc3 Bb7 6. Qb3 Qc8 7. Nge2 c5 8. d5
Nf6 9. Bf4 Be7 10. d6 Bd8 11. e5 Nh5 12. Be3 Nc6 13. Ne4 Ba5+ 14. Kf1 Nd4 15.
Bxd4 Bxe4 16. Be3 Bb7 17. Bxc5 Bxg2+ 18. Kxg2 Qxc5 19. Qf3 O-O 20. Qe4 f5 21.
Qd3 f4 22. f3 Qxe5 23. Bxa6 Nf6 24. Qb5 Qxd6 25. Qxa5 Rxa6 26. Qc3 Rc6 27. Qd4
Nd5 28. a4 Rc4 29. Qa7 Qe5 30. Rhe1 Rc2 31. Kf1 Qg5 32. Qg1 Ne3+ 33. Kf2 Qh4+
0-1

[Event "Eliminacje Strefowe do Mistrzostw Polski Juniorow i Mlodzikow (ZP+WP) C-13"]
[Site "Lazy, Centrum Fala 1"]
[Date "1899-12-30"]
[Round "1.8"]
[White "Garwacki, Kornel"]
[Black "Swiderski, Milosz"]
[Result "1/2-1/2"]
[WhiteTitle "II"]
[BlackTitle "II"]
[WhiteElo "1166"]
[BlackElo "1313"]

1. e4 d5 2. exd5 Qxd5 3. Nc3 Qd8 4. d4 Nf6 5. Nf3 Bg4 6. Be3 e6 7. a3 a6 8. h3
Bh5 9. g4 Bg6 10. Bg2 Nc6 11. Bg5 Be7 12. Qd2 Qd7 13. O-O-O O-O 14. Bxf6 Bxf6
15. g5 Be7 16. h4 Bh5 17. Ne2 f6 18. Ng3 Bxf3 19. Bxf3 fxg5 20. Bxc6 Qxc6 21.
hxg5 Bd6 22. Qd3 g6 23. Ne4 Be7 24. Rh2 Rf4 25. Qh3 h5 26. f3 Raf8 27. Rd3 R8f5
1/2-1/2

[Event "Eliminacje Strefowe do Mistrzostw Polski Juniorow i Mlodzikow (ZP+WP) C-13"]
[Site "Lazy, Centrum Fala 1"]
[Date "1899-12-30"]
[Round "1.9"]
[White "Pietras, Igor"]
[Black "Labedzki, Kamil"]
[Result "0-1"]
[WhiteTitle "II"]
[BlackTitle "II"]
[WhiteElo "1312"]
[BlackElo "1128"]

1. e4 e5 2. Nf3 Nc6 3. Bc4 Nf6 4. Ng5 d5 5. exd5 Na5 6. Bb5+ c6 7. dxc6 bxc6 8.
Qf3 e4 9. Nxe4 Qe7 10. Bd3 g6 11. O-O Bg7 12. Nbc3 h5 13. Re1 Kf8 14. Re2 Bg4
15. Nxf6 Bxf3 16. Rxe7 Kxe7 17. gxf3 Bxf6 18. b3 Rac8 19. Ba3+ Kd7 20. Re1 Bxc3
21. dxc3 Rhe8 22. Rxe8 Rxe8 23. b4 Nb7 24. b5 Nd6 25. c4 Re1+ 26. Kg2 Ra1 27.
bxc6+ Kxc6 0-1

[Event "Eliminacje Strefowe do Mistrzostw Polski Juniorow i Mlodzikow (ZP+WP) C-13"]
[Site "Lazy, Centrum Fala 1"]
[Date "1899-12-30"]
[Round "1.10"]
[White "Leszcz, Mateusz"]
[Black "Lakowski, Filip"]
[Result "0-1"]
[WhiteTitle "II"]
[BlackTitle "II"]
[WhiteElo "1003"]
[BlackElo "1279"]

1. e4 g6 2. d4 Bg7 3. f4 d6 4. Nf3 a6 5. Bd3 b5 6. Be3 Bb7 7. c3 Nd7 8. Nbd2 c5
9. a4 c4 10. Bc2 Ngf6 11. axb5 axb5 12. O-O Ng4 13. Qe2 O-O 14. h3 Nxe3 15. Qxe3
Nf6 16. e5 Nd5 17. Qf2 Nxf4 18. Ng5 Ne6 19. Rxa8 Qxa8 20. exd6 exd6 21. Nge4 0-1

[Event "Eliminacje Strefowe do Mistrzostw Polski Juniorow i Mlodzikow (ZP+WP) C-13"]
[Site "Lazy, Centrum Fala 1"]
[Date "1899-12-30"]
[Round "2.1"]
[White "Lakowski, Filip"]
[Black "Katny, Samuel"]
[Result "0-1"]
[WhiteTitle "II"]
[BlackTitle "II"]
[WhiteElo "1279"]
[BlackElo "1387"]

1. e4 e5 2. Nf3 Nc6 3. Bc4 Bc5 4. c3 d6 5. d4 exd4 6. cxd4 Bb6 7. O-O Bg4 8. Bb5
Bxf3 9. gxf3 Kf8 10. Be3 Qf6 11. Bxc6 bxc6 12. Re1 Ne7 13. a4 Ba5 14. Nc3 Ng6
15. Kh1 Rb8 16. Qe2 Bxc3 17. bxc3 Nh4 18. f4 Qg6 19. f3 Qh5 20. Rab1 Ke7 21. Rxb8
Rxb8 22. Rf1 Rb3 23. Bd2 Rb2 24. Qe3 Nxf3 25. Qxf3 Qxf3+ 26. Rxf3 Rxd2 27. Rh3
h6 28. Rg3 g6 29. Rh3 h5 30. f5 Ra2 31. Rg3 gxf5 32. exf5 Rxa4 33. Rg5 Rc4 34.
Rxh5 Rxc3 35. f6+ Kxf6 36. Ra5 Rc4 37. Rxa7 Rxd4 38. Rxc7 c5 39. Kg2 Kg6 40. Kf3
f6 41. Rc6 Kf5 42. Kg3 c4 43. Kf3 d5 44. Rc5 Rd3+ 45. Ke2 Ke4 46. h4 Rh3 47. Rc6
Rxh4 48. Rxf6 Rh2+ 49. Kd1 c3 50. Kc1 d4 51. Rc6 Kd3 52. Kb1 Rh1+ 53. Ka2 c2 54.
Rc8 c1=Q 55. Rc3+ dxc3 56. Kb3 Qb2+ 57. Ka4 Ra1# 0-1

[Event "Eliminacje Strefowe do Mistrzostw Polski Juniorow i Mlodzikow (ZP+WP) C-13"]
[Site "Lazy, Centrum Fala 1"]
[Date "1899-12-30"]
[Round "2.2"]
[White "Rosenfeld, Noe"]
[Black "Cholewa, Jan"]
[Result "1/2-1/2"]
[WhiteTitle "II"]
[BlackTitle "II"]
[WhiteElo "1338"]
[BlackElo "1243"]

1. e4 e5 2. Nf3 Nc6 3. Bb5 a6 4. Ba4 Bc5 5. O-O d6 6. h3 Nf6 7. Re1 O-O 8. c3 Bd7
9. Bc2 Re8 10. d4 exd4 11. cxd4 Bb4 12. Bd2 Bxd2 13. Qxd2 h6 14. a3 Nh7 15. Nc3
Ng5 16. Nxg5 Qxg5 17. Qxg5 hxg5 18. Rad1 g4 19. hxg4 Bxg4 20. Rd3 f5 21. f3 Bh5
22. Bb3+ Bf7 23. Bxf7+ Kxf7 24. Nd5 Rac8 25. Rb3 b5 26. Rc3 Nxd4 27. Rxc7+ Rxc7
28. Nxc7 Rc8 29. Nxa6 Rc2 30. Rd1 Ne2+ 31. Kh2 fxe4 32. fxe4 Ke6 33. Rd5 Rxb2
34. Nc7+ Ke7 35. Nxb5 Nf4 36. Rg5 Nxg2 37. Rxg7+ Kf6 38. Rxg2 Rxb5 39. Rf2+ Ke6
40. Kg3 Ra5 41. Rf3 Ra4 42. Kf4 d5 43. Re3 dxe4 44. Rxe4+ Rxe4+ 45. Kxe4 Kd6 46.
Kd4 Kc6 47. Kc4 Kb6 48. Kb4 Ka6 49. a4 Kb6 50. a5+ Ka6 51. Ka4 Ka7 52. Kb5 Kb7
53. a6+ Ka7 54. Ka5 Ka8 55. Kb6 Kb8 56. a7+ Ka8 1/2-1/2

[Event "Eliminacje Strefowe do Mistrzostw Polski Juniorow i Mlodzikow (ZP+WP) C-13"]
[Site "Lazy, Centrum Fala 1"]
[Date "1899-12-30"]
[Round "2.3"]
[White "Olszewski, Dawid"]
[Black "Zeissel, Andrzej"]
[Result "0-1"]
[WhiteTitle "II"]
[BlackTitle "II"]
[WhiteElo "1166"]
[BlackElo "1327"]

1. f4 d5 2. Nf3 Nc6 3. e3 a6 4. d4 Nf6 5. Bd3 g6 6. c3 Bg7 7. O-O O-O 8. Nbd2 Ng4
9. Re1 f5 10. h3 Nf6 11. Ng5 h6 12. Ngf3 Ne4 13. c4 Be6 14. cxd5 Bxd5 15. Bxe4
fxe4 16. Nh4 Kh7 17. g4 e6 18. Ng2 Nb4 19. b3 Nd3 20. Rf1 c5 21. Ba3 Rf7 22. Rb1
cxd4 23. exd4 Bxd4+ 24. Kh2 Qc7 25. Ne1 Rxf4 26. Rxf4 Qxf4+ 27. Kg2 Nxe1+ 28.
Qxe1 e3+ 29. Nf3 Qxf3+ 30. Kh2 Qg2# 0-1

[Event "Eliminacje Strefowe do Mistrzostw Polski Juniorow i Mlodzikow (ZP+WP) C-13"]
[Site "Lazy, Centrum Fala 1"]
[Date "1899-12-30"]
[Round "2.4"]
[White "Bury, Milosz"]
[Black "Labedzki, Kamil"]
[Result "1-0"]
[WhiteTitle "II"]
[BlackTitle "II"]
[WhiteElo "1326"]
[BlackElo "1128"]

1. e4 e5 2. Nf3 Nc6 3. d4 exd4 4. Nxd4 Bc5 5. Nxc6 Qf6 6. Qf3 Qxc6 7. Nc3 Bb4 8.
Bd2 Nf6 9. Bd3 O-O 10. O-O d6 11. h3 a6 12. a3 Bc5 13. Nd5 Nxd5 14. exd5 Qb6 15.
Qg3 Qxb2 16. Bxh7+ Kxh7 17. Bc3 Qxa1 18. Qxg7# 1-0

[Event "Eliminacje Strefowe do Mistrzostw Polski Juniorow i Mlodzikow (ZP+WP) C-13"]
[Site "Lazy, Centrum Fala 1"]
[Date "1899-12-30"]
[Round "2.5"]
[White "Swiderski, Milosz"]
[Black "Lesien, Tymoteusz"]
[Result "0-1"]
[WhiteTitle "II"]
[BlackTitle "II"]
[WhiteElo "1313"]
[BlackElo "1356"]

1. e4 c5 2. Nf3 Nc6 3. d4 cxd4 4. Nxd4 g6 5. Be3 Bg7 6. Nc3 Nf6 7. Nf3 Qa5 8. Bd3
Ng4 9. Bd2 Qb6 10. O-O Qxb2 11. Rb1 Qa3 12. Nb5 Qxa2 13. Nc7+ Kd8 14. Nxa8 Qa3
15. Ng5 Nge5 16. f4 h6 17. fxe5 hxg5 18. Rxf7 Bxe5 19. h3 Qc5+ 20. Kh1 g4 21.
Qxg4 Bf6 22. Qg3 Ne5 23. Rxf6 exf6 24. Be3 Qa5 25. Qf2 Rf8 26. Nb6 Qa2 27. Rb5
axb6 28. Bxb6+ Ke7 29. Ra5 Nxd3 30. Rxa2 Nxf2+ 31. Bxf2 Kf7 32. Kh2 Re8 33. Ra4
b5 34. Rb4 Bb7 35. Rxb5 Bxe4 36. c3 Bc6 37. Rb4 Re2 38. Bd4 Rxg2+ 39. Kh1 Rb2+
40. Kg1 Rxb4 41. cxb4 Ke6 42. Kf2 f5 43. h4 Kd5 44. Bc3 Kc4 45. Bd2 d5 46. Kg3
d4 47. Kf4 Kd3 48. Be1 Ke2 49. Ke5 Kxe1 50. Kxd4 f4 51. b5 Bb7 52. Kc5 f3 53.
Kb6 Be4 54. Kc7 f2 55. b6 f1=Q 56. b7 Qc4+ 57. Kb8 Qb5 58. Kc8 Qxb7+ 59. Kd8 Bc6
60. h5 Qd7# 0-1

[Event "Eliminacje Strefowe do Mistrzostw Polski Juniorow i Mlodzikow (ZP+WP) C-13"]
[Site "Lazy, Centrum Fala 1"]
[Date "1899-12-30"]
[Round "2.6"]
[White "Wittych, Maciej"]
[Black "Garwacki, Kornel"]
[Result "1-0"]
[WhiteTitle "II"]
[BlackTitle "II"]
[WhiteElo "1241"]
[BlackElo "1166"]

1. e4 d6 2. d4 g6 3. Nf3 Bg7 4. Bc4 a6 5. c3 b5 6. Bb3 Bb7 7. Qe2 e5 8. dxe5 dxe5
9. O-O Nf6 10. Nxe5 O-O 11. Bg5 Qd6 12. Bxf6 Bxf6 13. Ng4 Bg7 14. Nd2 c5 15. f3
c4 16. Bc2 Re8 17. Rad1 Qc7 18. Rfe1 Nd7 19. Nf1 Nc5 20. Ng3 f5 21. Nf2 Be5 22.
Nf1 Re7 23. g3 fxe4 24. Nxe4 Nxe4 25. Bxe4 Bxe4 26. Qxe4 Rae8 27. Qd5+ Kh8 28.
f4 Bg7 29. Rxe7 Qxe7 30. Qd6 Qa7+ 31. Kh1 Qb7+ 32. Rd5 Bf8 33. Qd7 Qa8 34. Qf7
Bg7 35. Kg1 Rf8 36. Qd7 Qb8 37. Rd6 a5 38. Ra6 b4 39. Ra7 Rg8 40. Qc7 bxc3 41.
bxc3 Qxc7 42. Rxc7 Bxc3 43. Rxc4 Bb4 44. Kf2 Rd8 45. Ke2 Kg7 46. Rc2 Kf6 47. Kf3
h5 48. Rc4 Kg7 49. Kg2 Re8 50. Rc2 Re1 51. Kf2 Ra1 52. Nd2 Rh1 53. Kg2 Rd1 54.
Nc4 Rd5 55. a3 Be7 56. Rc3 Rc5 57. Re3 Bf8 58. Ne5 Rc2+ 59. Kh3 Bc5 60. Rd3 Bg1
61. Nf3 Bc5 62. Nd4 Kf6 63. Nxc2 1-0

[Event "Eliminacje Strefowe do Mistrzostw Polski Juniorow i Mlodzikow (ZP+WP) C-13"]
[Site "Lazy, Centrum Fala 1"]
[Date "1899-12-30"]
[Round "2.7"]
[White "Kolendo, Kajetan"]
[Black "Drzewiecki, Milosz"]
[Result "0-1"]
[WhiteTitle "II"]
[BlackTitle "II"]
[WhiteElo "1360"]
[BlackElo "1210"]

1. e4 Nc6 2. Nf3 e5 3. Bc4 Nf6 4. Ng5 Nxe4 5. Nxf7 Qf6 6. Qe2 Nd6 7. Nxh8 Nd4 8.
Qd3 e4 9. Qc3 b5 10. Bb3 c6 11. d3 a5 12. Be3 N6f5 13. Bxd4 Nxd4 14. a3 a4 15.
Ba2 b4 16. Bf7+ Kd8 17. Qd2 b3 18. cxb3 axb3 19. O-O Ba6 20. Qa5+ Kc8 21. Bc4
Bb7 22. Qc3 Ne2+ 0-1

[Event "Eliminacje Strefowe do Mistrzostw Polski Juniorow i Mlodzikow (ZP+WP) C-13"]
[Site "Lazy, Centrum Fala 1"]
[Date "1899-12-30"]
[Round "2.8"]
[White "Malaczek, Franciszek"]
[Black "Melerowicz, Dominik"]
[Result "0-1"]
[WhiteTitle "II"]
[BlackTitle "II"]
[WhiteElo "1188"]
[BlackElo "1324"]

1. e4 c5 2. Nf3 Nc6 3. Nc3 g6 4. Bc4 Bg7 5. d3 e6 6. Bg5 f6 7. Be3 b6 8. d4 cxd4
9. Nxd4 Nge7 10. Ndb5 O-O 11. O-O Ne5 12. Bb3 Ba6 13. f4 Nf7 14. Rf3 Nc6 15. Rh3
f5 16. e5 Bb7 17. a3 a6 18. Nd6 Nxd6 19. Qxd6 Rf7 20. Na4 b5 21. Nb6 Bf8 22. Qd2
Rb8 23. Rd1 Qc7 24. Qf2 Rd8 25. Qh4 d5 26. exd6 Rxd6 27. Re1 Be7 28. Qf2 Bf6 29.
Bc5 Bd4 30. Bxd4 Nxd4 31. Nd5 Bxd5 32. Bxd5 Rxd5 33. Rd1 Qxf4 34. Qe1 Qe4 35.
Qc3 Ne2+ 36. Kf2 Nxc3 0-1

[Event "Eliminacje Strefowe do Mistrzostw Polski Juniorow i Mlodzikow (ZP+WP) C-13"]
[Site "Lazy, Centrum Fala 1"]
[Date "1899-12-30"]
[Round "2.9"]
[White "Walkowski, Tobiasz"]
[Black "Pietras, Igor"]
[Result "1/2-1/2"]
[WhiteTitle "II"]
[BlackTitle "II"]
[WhiteElo "1184"]
[BlackElo "1312"]

1. e4 c6 2. d4 d5 3. f3 e6 4. e5 Nd7 5. f4 Ne7 6. Nf3 c5 7. c3 Nc6 8. Bd3 Be7 9.
O-O O-O 10. Be3 cxd4 11. cxd4 Nb4 12. Nc3 Nxd3 13. Qxd3 Nb6 14. Nd2 Bd7 15. g4
Rc8 16. f5 exf5 17. gxf5 f6 18. e6 Be8 19. Bf4 Nc4 20. Qg3 Bd6 21. Nxd5 Bxf4 22.
e7 Bxg3 23. exd8=Q Rxd8 24. Ne7+ Kh8 25. Nxc4 Bh4 26. Rf4 Bg5 27. Re4 Bb5 28.
d5 Rfe8 29. Rae1 Bxc4 30. Rxc4 Bd2 31. Re2 Ba5 32. d6 b5 33. Rc6 Bb6+ 34. Kg2
Bd4 35. d7 Rf8 36. Rc8 Be5 37. Rec2 Bd6 38. Nd5 Rxd7 39. R2c6 Rfd8 40. Rxd8+ Rxd8
41. Nc3 Kg8 42. Nxb5 Be5 43. Rc2 1/2-1/2

[Event "Eliminacje Strefowe do Mistrzostw Polski Juniorow i Mlodzikow (ZP+WP) C-13"]
[Site "Lazy, Centrum Fala 1"]
[Date "1899-12-30"]
[Round "2.10"]
[White "Kuczynski, Michal"]
[Black "Leszcz, Mateusz"]
[Result "1-0"]
[WhiteTitle "II"]
[BlackTitle "II"]
[WhiteElo "1279"]
[BlackElo "1003"]

1. e4 b6 2. d4 Bb7 3. Nc3 e6 4. Nf3 c5 5. d5 d6 6. Bf4 e5 7. Bg3 Nd7 8. Bb5 a6
9. Bxd7+ Qxd7 10. O-O b5 11. a3 f5 12. exf5 Qxf5 13. Nh4 Qf7 14. f4 exf4 15. Rxf4
Nf6 16. Qe2+ Be7 17. Re1 Rd8 18. Rf2 Rd7 19. Nf5 Kd8 20. Qe6 Bxd5 21. Nxd5 Qxe6
22. Rxe6 Nxd5 23. Nxe7 Nxe7 24. Bxd6 c4 25. Bxe7+ Rxe7 26. Rxa6 Re1+ 27. Rf1 Rxf1+
28. Kxf1 Rf8+ 29. Ke2 Rf5 30. Ra7 Rg5 31. g3 Ke8 32. Kf3 Kf8 33. Ke4 Rh5 34. h4
h6 35. Rb7 g6 36. c3 Ke8 37. Rc7 Kf8 38. Rd7 Rf5 39. Rd5 Rf1 40. Rxb5 Rg1 41.
Kf3 Ra1 42. Rb7 1-0

[Event "Eliminacje Strefowe do Mistrzostw Polski Juniorow i Mlodzikow (ZP+WP) C-13"]
[Site "Lazy, Centrum Fala 1"]
[Date "1899-12-30"]
[Round "3.1"]
[White "Katny, Samuel"]
[Black "Bury, Milosz"]
[Result "1/2-1/2"]
[WhiteTitle "II"]
[BlackTitle "II"]
[WhiteElo "1387"]
[BlackElo "1326"]

1. e4 c5 2. Nf3 e6 3. Nc3 d5 4. exd5 exd5 5. Bb5+ Nc6 6. d4 Nf6 7. O-O Be7 8. dxc5
O-O 9. Bg5 Be6 10. Bxc6 bxc6 11. b4 Rb8 12. a3 a5 13. Rb1 Qc7 14. Ne2 Rb7 15.
c3 Ra8 16. Ned4 axb4 17. axb4 Ne4 18. Qc1 Nxg5 19. Nxg5 Bd7 20. Re1 Bf6 21. Qe3
h6 22. Ngf3 Ra3 23. Ra1 Rba7 24. Rxa3 Rxa3 25. h3 Kf8 26. Rc1 Qa7 27. Ne5 Bxe5
28. Qxe5 Ra1 29. Qe1 Rxc1 30. Qxc1 Qa6 31. Qe3 Qc4 32. Qg3 Qa6 33. Qd6+ Ke8 34.
Qb8+ Ke7 35. Kh2 g6 36. Qe5+ Kf8 37. Qh8+ Ke7 38. Qxh6 Qd3 39. Qe3+ Qxe3 40. fxe3
Kf6 41. Kg3 Ke5 42. Kf3 f5 43. g4 fxg4+ 44. hxg4 Be8 45. Nb3 Bd7 46. Na5 Be8 47.
c4 g5 48. cxd5 Kxd5 49. Ke2 Bg6 50. Nb3 Kc4 51. Nd4 Kxb4 52. Nxc6+ Kxc5 53. Nd4
Kd5 54. Nf3 Be8 55. Nxg5 Ke5 56. Kf3 Ba4 57. Kf2 Be8 58. e4 Kf4 59. Nf3 Kxg4 60.
Ke3 Kh5 61. Ne5 Kg5 62. Kd4 Kf6 63. Kd5 Ke7 64. Nd3 Bg6 1/2-1/2

[Event "Eliminacje Strefowe do Mistrzostw Polski Juniorow i Mlodzikow (ZP+WP) C-13"]
[Site "Lazy, Centrum Fala 1"]
[Date "1899-12-30"]
[Round "3.2"]
[White "Zeissel, Andrzej"]
[Black "Rosenfeld, Noe"]
[Result "0-1"]
[WhiteTitle "II"]
[BlackTitle "II"]
[WhiteElo "1327"]
[BlackElo "1338"]

1. e4 c5 2. Nf3 d6 3. d4 cxd4 4. Nxd4 Nf6 5. Nc3 a6 6. f3 h5 7. Be3 e5 8. Nb3 Be6
9. Qd2 Be7 10. O-O-O Nbd7 11. h3 h4 12. Bg5 b5 13. Be2 Rc8 14. Kb1 Qc7 15. Bd3
Nb6 16. Rhf1 Bc4 17. Bxf6 Bxf6 18. Rf2 b4 19. Nd5 Nxd5 20. Bxc4 Qxc4 21. Qxd5
Be7 22. Na5 Qxd5 23. Rxd5 Rc7 24. b3 O-O 25. Nc4 Rc6 26. Rfd2 Rd8 27. Nxe5 dxe5
28. Rxd8+ Bxd8 29. Rxd8+ Kh7 30. Kc1 Kg6 31. Rd2 Kg5 32. Kd1 Kf4 33. Ke2 Kg3 34.
Kf1 Rc5 35. Ke1 Ra5 36. c3 bxc3 37. Rc2 Rc5 38. Kf1 Rc6 39. a3 Rd6 40. Rc1 Rd2
41. Rxc3 Rxg2 42. f4+ Kh2 43. fxe5 Rg3 0-1

[Event "Eliminacje Strefowe do Mistrzostw Polski Juniorow i Mlodzikow (ZP+WP) C-13"]
[Site "Lazy, Centrum Fala 1"]
[Date "1899-12-30"]
[Round "3.3"]
[White "Cholewa, Jan"]
[Black "Wittych, Maciej"]
[Result "0-1"]
[WhiteTitle "II"]
[BlackTitle "II"]
[WhiteElo "1243"]
[BlackElo "1241"]

1. e4 e5 2. Nf3 Nf6 3. Nc3 Bb4 4. Bc4 O-O 5. O-O d6 6. d3 c6 7. Bg5 Re8 8. Re1
Nbd7 9. a3 Ba5 10. b4 Bc7 11. d4 exd4 12. Nxd4 Ne5 13. Bb3 h6 14. Bh4 Ng6 15.
Bg3 Bb6 16. Nf3 Bc7 17. Qd2 Nh5 18. Rad1 Nxg3 19. hxg3 Bg4 20. Qd3 Ne5 21. Nxe5
dxe5 22. f3 Qxd3 23. Rxd3 Bb6+ 24. Kh2 Be6 25. Bxe6 Rxe6 26. Rd7 Rb8 27. Na4 Bd4
28. c3 Bb6 29. Red1 Kf8 30. Nxb6 axb6 31. Rd8+ Re8 32. R8d7 Re7 33. Rd8+ Rxd8
34. Rxd8+ Re8 35. Rxe8+ Kxe8 36. Kh3 b5 37. Kg4 Ke7 38. f4 Kf6 39. Kf3 b6 40.
Ke3 Ke6 41. Kf3 f5 42. Ke3 g6 43. Kf3 g5 44. fxg5 hxg5 45. exf5+ Kxf5 46. g4+
Kg6 47. Ke3 Kf6 48. Kf3 Ke7 49. Ke3 Kd6 50. Ke4 Ke6 51. Ke3 Kd5 52. Kd3 e4+ 53.
Ke3 Ke5 54. g3 c5 55. Kd2 Kd6 56. Ke3 Kd5 57. Kd2 Kc4 58. Ke3 Kxc3 59. Kxe4 c4
60. Kf5 Kd3 61. Kxg5 c3 62. Kf6 c2 63. g5 c1=Q 64. g6 Qc6+ 65. Kf7 Qc7+ 66. Kf8
Qxg3 67. g7 Qf4+ 68. Ke7 Qe5+ 69. Kf8 Qf6+ 70. Kg8 Ke4 71. Kh7 Qh4+ 72. Kg6 Qg4+
73. Kf6 Qf5+ 74. Ke7 Qg6 75. Kd7 Qxg7+ 76. Kc6 Qf6+ 77. Kxb5 Qd6 78. a4 Kd5 79.
a5 bxa5 80. bxa5 Qb8+ 81. Ka6 Qa8+ 82. Kb6 Kd6 83. a6 Qb8+ 84. Ka5 Kc5 85. Ka4
Qb4# 0-1

[Event "Eliminacje Strefowe do Mistrzostw Polski Juniorow i Mlodzikow (ZP+WP) C-13"]
[Site "Lazy, Centrum Fala 1"]
[Date "1899-12-30"]
[Round "3.4"]
[White "Lesien, Tymoteusz"]
[Black "Lakowski, Filip"]
[Result "1/2-1/2"]
[WhiteTitle "II"]
[BlackTitle "II"]
[WhiteElo "1356"]
[BlackElo "1279"]

1. d4 c6 2. c4 d5 3. Nc3 Nf6 4. Nf3 Bf5 5. cxd5 cxd5 6. Qb3 Qd7 7. Ne5 Qc7 8. Nxd5
Nxd5 9. Qxd5 e6 10. Qb5+ Nc6 11. Bf4 Bd6 12. Nxc6 bxc6 13. Bxd6 Qxd6 14. Qc5 Qxc5
15. dxc5 Rb8 16. b3 Be4 17. f3 Bg6 18. e3 O-O 19. Bc4 Rfd8 20. O-O Bd3 21. Bxd3
Rxd3 22. e4 Rb5 23. Rfd1 Rxd1+ 24. Rxd1 f5 25. exf5 exf5 26. Rd7 a5 27. Ra7 Rxc5
28. h3 h5 29. Kh2 Kh7 30. Kg3 Kg6 31. Kf2 Kf6 32. Ra8 1/2-1/2

[Event "Eliminacje Strefowe do Mistrzostw Polski Juniorow i Mlodzikow (ZP+WP) C-13"]
[Site "Lazy, Centrum Fala 1"]
[Date "1899-12-30"]
[Round "3.5"]
[White "Melerowicz, Dominik"]
[Black "Kuczynski, Michal"]
[Result "0-1"]
[WhiteTitle "II"]
[BlackTitle "II"]
[WhiteElo "1324"]
[BlackElo "1279"]

1. e4 c6 2. d4 d5 3. Nc3 dxe4 4. Nxe4 Bf5 5. Ng3 Bg6 6. h4 h6 7. h5 Bh7 8. Nf3
Nf6 9. Bd3 Bxd3 10. Qxd3 Nbd7 11. Bd2 e6 12. O-O-O c5 13. Ne4 Rc8 14. c4 Nxe4
15. Qxe4 cxd4 16. Qxd4 Qc7 17. Bc3 Nf6 18. Qxa7 Qxc4 19. Kb1 Bc5 20. Qxb7 O-O
21. Bxf6 gxf6 22. Rc1 Qd3+ 23. Ka1 Rb8 24. Qc7 Qe2 25. Qg3+ Kh7 26. b3 Rxb3 27.
Ng5+ fxg5 28. Qxb3 Bd4+ 29. Kb1 Qe4+ 30. Rc2 Be5 31. Qe3 Rb8+ 32. Kc1 0-1